000 01569cam a22002894a 4500
001 13350721
003 ARRUPE
005 20150123130625.0
008 030924s2004 ctua b 001 0 eng
010 _a 2003021089
020 _a0300102291 (alk. paper)
040 _aDLC
_cDLC
_dDLC
042 _apcc
050 0 0 _aQP411
_b.E346 2004
082 0 0 _a153
_222
100 1 _aEdelman, Gerald M.
_914549
245 1 0 _aWider than the sky :
_bthe phenomenal gift of consciousness /
_cGerald M. Edelman.
260 _aNew Haven :
_bYale University Press,
_cc2004.
300 _axiii, 201 p. :
_bill. ;
_c22 cm.
504 _aIncludes bibliographical references (p. 181-185) and index.
505 0 _aThe mind of man: completing Darwin's program -- Consciousness: the remembered present -- Elements of the brain -- Neural Darwinism: a global brain theory -- The mechanisms of consciousness -- Wider than the sky: qualia, unity, and complexity -- Consciousness and causation: the phenomenal transform -- The conscious and the nonconscious: automaticity and attention -- Higher-order consciousness and representation -- Theory and the properties of consciousness -- Identity: the self, mortality, and value -- Mind and body: some consequences.
650 0 _aConsciousness
_xPhysiological aspects.
_914527
650 0 _aBrain
_xPhysiology.
_914383
906 _a7
_bcbc
_corignew
_d1
_eecip
_f20
_gy-gencatlg
942 _2lcc
_cMONOGRAPH
999 _c121871
_d121871